The Kenya manual 1924 / (Record no. 13517)
[ view plain ]
| 000 -LEADER | |
|---|---|
| fixed length control field | 00602cam a22002052 4500 |
| 001 - CONTROL NUMBER | |
| control field | 0000012824 |
| 005 - DATE AND TIME OF LATEST TRANSACTION | |
| control field | 20151217155852.0 |
| 008 - FIXED-LENGTH DATA ELEMENTS--GENERAL INFORMATION | |
| fixed length control field | 090322s xx 000 0 eng d |
| 040 ## - CATALOGING SOURCE | |
| Original cataloging agency | KABU |
| Transcribing agency | KABU |
| 245 14 - TITLE STATEMENT | |
| Title | The Kenya manual 1924 / |
| Statement of responsibility, etc. | East African Standard. |
| 250 ## - EDITION STATEMENT | |
| Edition statement | 1st ed. |
| 260 ## - PUBLICATION, DISTRIBUTION, ETC. (IMPRINT) | |
| Place of publication, distribution, etc. | Nairobi : |
| Name of publisher, distributor, etc. | E. A. S., |
| Date of publication, distribution, etc. | [1924] |
| 300 ## - PHYSICAL DESCRIPTION | |
| Extent | 256 p. |
| 500 ## - GENERAL NOTE | |
| General note | Reprinted from "Red book". |
| 651 #0 - SUBJECT ADDED ENTRY--GEOGRAPHIC NAME | |
| Geographic name | Kenya |
| General subdivision | History. |
| -- | 0000148727 |
| 710 2# - ADDED ENTRY--CORPORATE NAME | |
| Corporate name or jurisdiction name as entry element | East African Standard. |
| -- | 0000169777 |
| 852 1# - LOCATION | |
| -- | p400 KES |
| 908 ## - PUT COMMAND PARAMETER (RLIN) | |
| Put command parameter | 090322 |
| 950 ## - LOCAL HOLDINGS (RLIN) | |
| -- | 1 |
| Withdrawn status | Lost status | Source of classification or shelving scheme | Not for loan | Home library | Current library | Date acquired | Total Checkouts | Full call number | Barcode | Date last seen | Price effective from | Koha item type |
|---|---|---|---|---|---|---|---|---|---|---|---|---|
| Library of Congress Classification | Kabarak, Main Campus | Kabarak, Main Campus | 17/12/2015 | DT433.575 .K46 1924 c. 1 | 17287 | 17/12/2015 | 17/12/2015 | Africana Collection |